Statistiques concernant Sports les plus médaillés pour la France aux Jeux Olympiques d'été

Cliquez ici pour prendre le quiz!

Statistiques générales

  • Ce quiz a été pris 180 fois
  • Le résultat moyen est 12 sur 20

Statistiques - réponses

MédaillesSport% Correct
44Natation
94%
70Athlétisme
91%
57Judo
89%
7Handball
83%
123Escrime
78%
93Cyclisme
68%
38Équitation
68%
19Tennis
67%
34Tir
66%
5Basket-ball
62%
22Gymnastique
61%
25Boxe
59%
36Canoë-kayak
59%
36Aviron
55%
44Voile
41%
18Lutte
39%
24Tir à l'arc
36%
8Taekwondo
24%
15Haltérophilie
22%
6Croquet
0%

Distribution des résultats

Percentile par nombre de réponses

% des personnes avec chaque résultat

Votre développement - résultats

Vous n’avez pas pris ce quiz